[Event "HUN-chT2 Breyer 1718"]
[Site "Hungary"]
[Date "2017.10.08"]
[Round "2.4"]
[White "Kovacs, David"]
[Black "Mincsovics, Miklos"]
[Result "1/2-1/2"]
[WhiteElo "2216"]
[BlackElo "2255"]
[PlyCount "72"]
[EventDate "2017.09.24"]
[EventType "team-tourn"]
[EventRounds "11"]
[EventCountry "HUN"]
[SourceTitle "EXT 2021"]
[Source "ChessBase"]
[SourceDate "2020.10.23"]
[SourceVersion "1"]
[SourceVersionDate "2020.10.23"]
[SourceQuality "1"]
[WhiteTeam "Naszaly Geniusz Tata"]
[BlackTeam "Biatorbagy"]
[WhiteTeamCountry "HUN"]
[BlackTeamCountry "HUN"]

1. e4 Nc6 2. Nf3 d6 3. d4 Nf6 4. Nc3 Bg4 5. Be3 e6 6. h3 Bxf3 7. Qxf3 d5 8. a3 Be7 9. Bb5 0-0 10. exd5 Nxd5 11. Nxd5 exd5 12. 0-0 Bf6 13. c3 Na5 14. a4 c6 15. Bd3 Re8 16. Bf4 Qe7 17. b4 Nc4 18. a5 a6 19. Ra2 Qd7 20. g4 g6 21. Kg2 Re7 22. Rh1 Rae8 23. h4 Re1 24. Rxe1 Rxe1 25. g5 Be7 26. Re2 Rxe2 27. Qxe2 Qe6 28. Qxe6 fxe6 29. Bxc4 dxc4 30. Kf3 h6 31. Ke4 hxg5 32. hxg5 Kf7 33. Ke5 Bf8 34. Bg3 Be7 35. Bf4 Bf8 36. Ke4 Be7 1/2-1/2

[Event "HUN-chT2 Breyer 1516"]
[Site "Hungary"]
[Date "2016.04.03"]
[Round "10.5"]
[White "Mincsovics, Miklos"]
[Black "Horvath, Csaba3333"]
[Result "1/2-1/2"]
[WhiteElo "2236"]
[BlackElo "2196"]
[PlyCount "39"]
[EventDate "2015.09.13"]
[EventType "team-tourn"]
[EventRounds "11"]
[EventCountry "HUN"]
[SourceTitle "EXT 2017"]
[Source "ChessBase"]
[SourceDate "2016.10.25"]
[SourceVersion "1"]
[SourceVersionDate "2016.10.25"]
[SourceQuality "1"]
[WhiteTeam "Biatorbagy"]
[BlackTeam "Sarkany DSE"]
[WhiteTeamCountry "HUN"]
[BlackTeamCountry "HUN"]

1. Nc3 e5 2. Nf3 Nc6 3. e3 Nf6 4. d4 e4 5. Ne5 d5 6. Bb5 Bd7 7. f4 exf3 8. gxf3 Bd6 9. f4 Bb4 10. Bxc6 bxc6 11. Bd2 h5 12. Qe2 Ng4 13. 0-0 Nxe5 14. fxe5 Bh3 15. Rf4 Be7 16. Kh1 Bg5 17. Rf2 Bh4 18. Rf4 Bg5 19. Rf2 Bh4 20. Rf4 1/2-1/2

[Event "HUN-chT2 Charousek 1415"]
[Site "Hungary"]
[Date "2015.04.26"]
[Round "9"]
[White "Jamrich, Gyorgy"]
[Black "Mincsovics, Miklos"]
[Result "1/2-1/2"]
[WhiteElo "2284"]
[BlackElo "2237"]
[PlyCount "54"]
[EventDate "2014.10.12"]
[EventType "team-tourn"]
[EventRounds "9"]
[EventCountry "HUN"]
[SourceTitle "EXT 2016"]
[Source "ChessBase"]
[SourceDate "2015.10.08"]
[SourceVersion "1"]
[SourceVersionDate "2015.10.08"]
[SourceQuality "1"]
[WhiteTeam "Balatonfuered"]
[BlackTeam "Biatorbagy"]
[WhiteTeamCountry "HUN"]
[BlackTeamCountry "HUN"]

1. e4 Nc6 2. Nf3 d6 3. d4 a6 4. h3 g6 5. Bc4 Bg7 6. 0-0 Nf6 7. e5 dxe5 8. dxe5 Qxd1 9. Rxd1 Nd7 10. e6 fxe6 11. Bxe6 Nb6 12. Bb3 Bd7 13. Ng5 Nd4 14. Nc3 Bf5 15. Nge4 0-0-0 16. Re1 Nxb3 17. axb3 Nd5 18. Nxd5 Rxd5 19. f3 Rhd8 20. c3 Bxe4 21. fxe4 Rd3 22. Bg5 Kd7 23. Rad1 Ke6 24. Rxd3 Rxd3 25. Kf2 Bf6 26. Bf4 Be5 27. Ke2 Rd8 1/2-1/2

[Event "HUN-chT2 Charousek 1415"]
[Site "Hungary"]
[Date "2014.10.12"]
[Round "1"]
[White "Dankhazi, Andras"]
[Black "Mincsovics, Miklos"]
[Result "0-1"]
[WhiteElo "2237"]
[BlackElo "2237"]
[PlyCount "114"]
[EventDate "2014.10.12"]
[EventType "team-tourn"]
[EventRounds "9"]
[EventCountry "HUN"]
[SourceTitle "EXT 2016"]
[Source "ChessBase"]
[SourceDate "2015.10.08"]
[SourceVersion "1"]
[SourceVersionDate "2015.10.08"]
[SourceQuality "1"]
[WhiteTeam "Paks ASE II"]
[BlackTeam "Biatorbagy"]
[WhiteTeamCountry "HUN"]
[BlackTeamCountry "HUN"]

1. d4 Nc6 2. c4 e5 3. d5 Bb4+ 4. Bd2 Bxd2+ 5. Qxd2 Nce7 6. d6 Nf5 7. dxc7 Qxc7 8. Nc3 Nf6 9. Nf3 0-0 10. Rd1 e4 11. Qg5 d5 12. Nd4 h6 13. Qc1 dxc4 14. e3 a6 15. Be2 b5 16. 0-0 Rd8 17. Nxf5 Bxf5 18. a3 Bg4 19. Rxd8+ Rxd8 20. Rd1 Bxe2 21. Nxe2 Rd3 22. Nf4 Rd7 23. Qc2 Rxd1+ 24. Qxd1 c3 25. Qc2 cxb2 26. Qxb2 Qc4 27. h3 a5 28. Ne2 Nd5 29. Nd4 b4 30. axb4 axb4 31. Qb3 Qxb3 32. Nxb3 f5 33. Kf1 Kf7 34. Ke2 g5 35. Nd4 Kf6 36. f3 exf3+ 37. gxf3 h5 38. Kd3 h4 39. Ke2 Ke5 40. Nc6+ Kd6 41. Nd4 Ne7 42. Kd3 Ke5 43. f4+ gxf4 44. Nf3+ Kd5 45. Nxh4 fxe3 46. Ng2 Kc5 47. Nxe3 f4 48. Ng4 Ng6 49. Nf6 Nh4 50. Ne4+ Kb5 51. Kc2 Kc4 52. Nd2+ Kd4 53. Kb3 Kd3 54. Nf1 Nf3 55. h4 Ke2 56. h5 Kxf1 57. h6 Ng5 0-1

[Event "Budapest-chT1 Lilienthal 1213"]
[Site "Budapest"]
[Date "2013.03.10"]
[Round "9"]
[White "Mincsovics, Miklos"]
[Black "Rigo, Janos"]
[Result "0-1"]
[WhiteElo "2211"]
[BlackElo "2287"]
[PlyCount "130"]
[EventDate "2012.09.30"]
[EventType "team-tourn"]
[EventRounds "11"]
[EventCountry "HUN"]
[SourceTitle "EXT 2019"]
[Source "ChessBase"]
[SourceDate "2018.10.10"]
[SourceVersion "1"]
[SourceVersionDate "2018.10.10"]
[SourceQuality "1"]
[WhiteTeam "Budapest SENSE"]
[BlackTeam "Budapest Honved"]
[WhiteTeamCountry "HUN"]
[BlackTeamCountry "HUN"]

1. e4 c5 2. Nf3 Nc6 3. d4 cxd4 4. Nxd4 Nf6 5. Nc3 d6 6. Be2 g6 7. Be3 Bg7 8. f4 0-0 9. Nb3 a5 10. a4 Nb4 11. 0-0 Be6 12. Nd4 Bd7 13. Bf3 Bc6 14. Rf2 d5 15. e5 Nd7 16. e6 Bxd4 17. exf7+ Rxf7 18. Qxd4 e6 19. Re1 Qf6 20. Bg4 Re8 21. Nb5 Rfe7 22. Nc7 e5 23. Nxe8 exd4 24. Nxf6+ Nxf6 25. Bd2 Rxe1+ 26. Bxe1 Nxg4 27. Re2 Kf7 28. Bxb4 axb4 29. Rd2 Ne3 30. b3 h5 31. Kf2 Nf5 32. Re2 Nd6 33. Kf3 Ne4 34. h3 Nc5 35. g4 d3 36. cxd3 Nxb3 37. Rb2 d4+ 38. Kg3 Bxa4 39. Kh4 hxg4 40. hxg4 Kf6 41. Rb1 b5 42. Rb2 Nc5 43. Rxb4 Nb3 44. Kh3 Ke6 45. g5 Kd5 46. f5 gxf5 47. Kh4 Ke6 48. Kg3 Kf7 49. Kf3 Kg6 50. Kf4 Nc1 51. Kf3 Nxd3 52. Rxd4 Bc2 53. Rd8 Kxg5 54. Rb8 b4 55. Ke3 b3 56. Kd2 f4 57. Rf8 Kg4 58. Rf7 f3 59. Rg7+ Kf4 60. Rf7+ Kg3 61. Rg7+ Kf2 62. Rf7 Ne5 63. Rg7 Nc4+ 64. Kc1 Bd3 65. Kd1 b2 0-1

[Event "Budapest-chT1 Lilienthal 1213"]
[Site "Budapest"]
[Date "2012.10.14"]
[Round "2"]
[White "Mester, Attila"]
[Black "Mincsovics, Miklos"]
[Result "0-1"]
[WhiteElo "2078"]
[BlackElo "2211"]
[PlyCount "128"]
[EventDate "2012.09.30"]
[EventType "team-tourn"]
[EventRounds "11"]
[EventCountry "HUN"]
[SourceTitle "EXT 2019"]
[Source "ChessBase"]
[SourceDate "2018.10.10"]
[SourceVersion "1"]
[SourceVersionDate "2018.10.10"]
[SourceQuality "1"]
[WhiteTeam "Penzugyor III"]
[BlackTeam "Budapest SENSE"]
[WhiteTeamCountry "HUN"]
[BlackTeamCountry "HUN"]

1. e4 Nc6 2. Nf3 d6 3. d4 a6 4. h3 g6 5. Be3 Bg7 6. Qd2 e5 7. d5 Nce7 8. g4 c6 9. c4 cxd5 10. cxd5 f5 11. gxf5 gxf5 12. Rg1 Ng6 13. exf5 Bxf5 14. Nc3 Nf6 15. Ng5 Qe7 16. Bc4 Rc8 17. Bb3 0-0 18. Ne6 Rf7 19. Bg5 b5 20. h4 Kh8 21. Ne2 Ne4 22. Rc1 Re8 23. Qa5 Nxg5 24. Nxg5 Rff8 25. Rc7 Qd8 26. Qc3 Re7 27. Rxe7 Qxe7 28. h5 Nf4 29. Qe3 Qf6 30. Nc3 Bh6 31. Nce4 Qg7 32. Qg3 Bxg5 33. Nxg5 h6 34. Ne6 Qxg3 35. Rxg3 Rg8 36. Nc7 Nd3+ 37. Ke2 Nc5 38. Rxg8+ Kxg8 39. Bd1 b4 40. Ke3 Kf7 41. Be2 a5 42. Nb5 Ke7 43. Na7 Bd7 44. f4 exf4+ 45. Kxf4 Kf6 46. Nc6 Nb7 47. Bg4 Be8 48. Nd4 Nc5 49. Be2 Bd7 50. Nc6 Nb7 51. Bg4 Be8 52. Bc8 Nc5 53. Nxa5 Nd3+ 54. Ke4 Nxb2 55. Bg4 Na4 56. Kd4 Nc3 57. Kc4 Nxa2 58. Nc6 Kg5 59. Bh3 Bxh5 60. Nd4 Bg4 61. Bg2 Kf4 62. Nb5 Be2+ 63. Kb3 Bxb5 64. Kxa2 Bc4+ 0-1

[Event "HUN-chT2 Breyer 1112"]
[Site "Hungary"]
[Date "2012.05.20"]
[Round "11.3"]
[White "Banszegi, Attila"]
[Black "Mincsovics, Miklos"]
[Result "1-0"]
[WhiteElo "2023"]
[BlackElo "2218"]
[PlyCount "53"]
[EventDate "2011.09.25"]
[EventType "team-tourn"]
[EventRounds "11"]
[EventCountry "HUN"]
[SourceTitle "EXT 2013"]
[Source "ChessBase"]
[SourceDate "2012.11.22"]
[SourceVersion "1"]
[SourceVersionDate "2012.11.22"]
[SourceQuality "1"]
[WhiteTeam "Kisber Aszar"]
[BlackTeam "Biatorbagy"]
[WhiteTeamCountry "HUN"]
[BlackTeamCountry "HUN"]

1. e4 c5 2. Nf3 d6 3. d4 cxd4 4. Nxd4 Nf6 5. Nc3 a6 6. f3 e5 7. Nb3 Be6 8. Be3 Nbd7 9. Qd2 Rc8 10. 0-0-0 Be7 11. Kb1 Nb6 12. g4 Nfd7 13. g5 0-0 14. h4 Kh8 15. h5 f5 16. g6 f4 17. Bxb6 Nxb6 18. h6 hxg6 19. Qh2 Rxc3 20. Bh3 Bxh3 21. Qxh3 Rc6 22. Rdg1 Bg5 23. hxg7+ Kxg7 24. Qh7+ Kf6 25. Rxg5 Rg8 26. Rf5+ gxf5 27. Qxf5+ 1-0

[Event "HUN-chT2 Breyer 1112"]
[Site "Hungary"]
[Date "2012.05.06"]
[Round "10.3"]
[White "Mincsovics, Miklos"]
[Black "Molnar, Jozsef"]
[Result "1-0"]
[WhiteElo "2218"]
[BlackElo "2178"]
[PlyCount "99"]
[EventDate "2011.09.25"]
[EventType "team-tourn"]
[EventRounds "11"]
[EventCountry "HUN"]
[SourceTitle "EXT 2013"]
[Source "ChessBase"]
[SourceDate "2012.11.22"]
[SourceVersion "1"]
[SourceVersionDate "2012.11.22"]
[SourceQuality "1"]
[WhiteTeam "Biatorbagy"]
[BlackTeam "BEAC II"]
[WhiteTeamCountry "HUN"]
[BlackTeamCountry "HUN"]

1. e4 e6 2. d4 d5 3. e5 c5 4. Nf3 cxd4 5. Bd3 Nc6 6. 0-0 Nge7 7. Bf4 Qb6 8. Nbd2 Ng6 9. Bg3 Qxb2 10. Nb3 Bd7 11. h4 Bb4 12. h5 Nge7 13. a3 Ba5 14. Bf4 Bc7 15. Bc1 Qxa1 16. Nxa1 Nxe5 17. Nxd4 Nxd3 18. cxd3 h6 19. Bb2 e5 20. Nf3 d4 21. Re1 f6 22. Qb3 Bc6 23. Nc2 a5 24. a4 Kd8 25. Na3 Nd5 26. Nb5 Ra6 27. Ba3 Kc8 28. Rc1 Rd8 29. Kf1 Kb8 30. Nd2 f5 31. Nc4 Bxb5 32. axb5 Rf6 33. b6 Nxb6 34. Nxa5 Rd7 35. Bc5 e4 36. Re1 e3 37. Qg8+ Nc8 38. Nc4 f4 39. f3 Rf5 40. Qe6 Rdd5 41. Bxd4 Rxh5 42. Qe4 Rb5 43. Kg1 Rhg5 44. Ra1 Rgd5 45. Bxg7 h5 46. Qe8 Rbc5 47. Qa4 Bb6 48. Nxb6 Nxb6 49. Qxf4+ Kc8 50. Qxe3 1-0

[Event "Budapest-chT1 Lilienthal 1112"]
[Site "Budapest"]
[Date "2012.01.15"]
[Round "6"]
[White "Kelemen, Gabor"]
[Black "Mincsovics, Miklos"]
[Result "0-1"]
[WhiteElo "2189"]
[BlackElo "2218"]
[PlyCount "148"]
[EventDate "2011.10.02"]
[EventType "team-tourn"]
[EventRounds "11"]
[EventCountry "HUN"]
[SourceTitle "EXT 2020"]
[Source "ChessBase"]
[SourceDate "2019.10.17"]
[SourceVersion "1"]
[SourceVersionDate "2019.10.17"]
[SourceQuality "1"]
[WhiteTeam "Taban Spartacus II"]
[BlackTeam "Hid Unio"]
[WhiteTeamCountry "HUN"]
[BlackTeamCountry "HUN"]

1. e4 Nc6 2. Nc3 d6 3. d4 Nf6 4. f4 d5 5. e5 Ng8 6. Be2 f6 7. Be3 Nh6 8. Nf3 Bg4 9. Nh4 Bxe2 10. Qxe2 Qd7 11. 0-0 f5 12. h3 e6 13. a4 Na5 14. Nf3 a6 15. Rfb1 Be7 16. Nd1 Nf7 17. Nd2 0-0 18. b4 Nc6 19. c3 Kh8 20. Nf2 Rg8 21. a5 Na7 22. Kh1 Nb5 23. Qd3 Qc6 24. g4 Qxc3 25. gxf5 exf5 26. Rc1 Qxd3 27. Nxd3 Nd8 28. Nf3 Ne6 29. Ra2 g6 30. Nc5 Bxc5 31. bxc5 Na7 32. Rb1 Rab8 33. Kh2 Kg7 34. Rc1 Nc6 35. Ra4 h6 36. Rg1 Kf7 37. Nh4 Ne7 38. Nf3 Ke8 39. Bd2 Kd7 40. h4 Rg7 41. Ra3 Rh8 42. Kg2 Nc6 43. Rb1 Ncxd4 44. Nxd4 Nxd4 45. Rd3 Ne6 46. Rxd5+ Kc6 47. Rd3 Rgg8 48. Be3 Rd8 49. Rdb3 Rb8 50. Kf3 Rhg8 51. Rg1 Rbd8 52. Rgb1 g5 53. fxg5 hxg5 54. hxg5 f4 55. Bf2 Rd2 56. Be1 Rd5 57. Rxb7 Rd3+ 58. Kf2 Nxc5 59. R7b4 Rxg5 60. Rxf4 Rxe5 61. Rc1 Rb3 62. Bb4 Kb5 63. Bxc5 Rxc5 64. Ra1 Rc2+ 65. Kf1 Rh2 66. Rf5+ c5 67. Kg1 Rbb2 68. Rg5 Rhc2 69. Rg6 Ra2 70. Rb1+ Kxa5 71. Rg5 Ka4 72. Rg4+ c4 73. Rg6 a5 74. Rg4 Ra3 0-1

[Event "Budapest-chT1 Lilienthal 1112"]
[Site "Budapest"]
[Date "2011.12.11"]
[Round "5"]
[White "Havaskori, Laszlo"]
[Black "Mincsovics, Miklos"]
[Result "0-1"]
[WhiteElo "2030"]
[BlackElo "2218"]
[PlyCount "54"]
[EventDate "2011.10.02"]
[EventType "team-tourn"]
[EventRounds "11"]
[EventCountry "HUN"]
[SourceTitle "EXT 2020"]
[Source "ChessBase"]
[SourceDate "2019.10.17"]
[SourceVersion "1"]
[SourceVersionDate "2019.10.17"]
[SourceQuality "1"]
[WhiteTeam "Penzugyor III"]
[BlackTeam "Hid Unio"]
[WhiteTeamCountry "HUN"]
[BlackTeamCountry "HUN"]

1. d4 c5 2. Nf3 cxd4 3. Nxd4 d5 4. Nc3 e5 5. Nf3 d4 6. Nb1 Nc6 7. e4 Nf6 8. Bd3 Bg4 9. Nbd2 Nd7 10. h3 Bh5 11. g4 Bg6 12. Nf1 Bb4+ 13. Bd2 Qb6 14. Ng3 Nc5 15. 0-0 Bxd2 16. Nxd2 Ne6 17. Nc4 Qd8 18. Nxe5 Nxe5 19. f4 Nxf4 20. Rxf4 Qg5 21. Qf1 0-0-0 22. Qf2 h5 23. Nf5 hxg4 24. h4 Qf6 25. Be2 Bxf5 26. Rxf5 Qd6 27. Rd1 Kb8 0-1

[Event "HUN-chT2 Breyer 1112"]
[Site "Hungary"]
[Date "2011.10.30"]
[Round "2.3"]
[White "Igler, Szilard"]
[Black "Mincsovics, Miklos"]
[Result "0-1"]
[WhiteElo "1969"]
[BlackElo "2218"]
[PlyCount "120"]
[EventDate "2011.09.25"]
[EventType "team-tourn"]
[EventRounds "11"]
[EventCountry "HUN"]
[SourceTitle "EXT 2013"]
[Source "ChessBase"]
[SourceDate "2012.11.22"]
[SourceVersion "1"]
[SourceVersionDate "2012.11.22"]
[SourceQuality "1"]
[WhiteTeam "Turul"]
[BlackTeam "Biatorbagy"]
[WhiteTeamCountry "HUN"]
[BlackTeamCountry "HUN"]

1. e4 Nc6 2. d4 d6 3. Nf3 a6 4. d5 Ne5 5. Nxe5 dxe5 6. c4 e6 7. Nc3 Nf6 8. Be3 exd5 9. cxd5 Ng4 10. Qf3 Bd6 11. h3 Nxe3 12. fxe3 Bb4 13. Bc4 Bxc3+ 14. bxc3 Qd6 15. 0-0 0-0 16. Bd3 Bd7 17. a4 Rad8 18. Rfb1 Bc8 19. c4 Qc5 20. Kh1 Rd6 21. Qg3 Rg6 22. Qf3 b6 23. Rf1 Bd7 24. Qe2 Rg3 25. Rf3 Rxf3 26. Qxf3 a5 27. g4 Qb4 28. Qd1 h6 29. Kg2 Rd8 30. Qb1 Qxb1 31. Bxb1 Kf8 32. Bc2 Ke7 33. Kf2 Be8 34. Ke2 Rd6 35. Rf1 Rf6 36. Rf5 Rxf5 37. exf5 Kd6 38. Kd3 Kc5 39. Kc3 Bd7 40. e4 Bc8 41. Bb1 Bd7 42. Bc2 c6 43. Bb3 f6 44. Bc2 Be8 45. Bd1 Bf7 46. Bb3 h5 47. Ba2 Be8 48. Bb3 h4 49. Bc2 Bd7 50. Bd1 cxd5 51. exd5 e4 52. Bc2 e3 53. Bd1 e2 54. Bxe2 Bxa4 55. Bf3 Be8 56. Be4 Bf7 57. d6 Kxd6 58. Kd4 Be8 59. Bd3 Bc6 60. Bf1 Bb7 0-1

[Event "Budapest-chT1 Lilienthal 1011"]
[Site "Budapest"]
[Date "2011.02.06"]
[Round "8"]
[White "Seres, Bela"]
[Black "Mincsovics, Miklos"]
[Result "1/2-1/2"]
[WhiteElo "2269"]
[BlackElo "2220"]
[PlyCount "148"]
[EventDate "2010.09.19"]
[EventType "team-tourn"]
[EventRounds "11"]
[EventCountry "HUN"]
[SourceTitle "EXT 2020"]
[Source "ChessBase"]
[SourceDate "2019.10.17"]
[SourceVersion "1"]
[SourceVersionDate "2019.10.17"]
[SourceQuality "1"]
[WhiteTeam "Fabulon"]
[BlackTeam "Hid Unio"]
[WhiteTeamCountry "HUN"]
[BlackTeamCountry "HUN"]

1. e4 Nc6 2. Nf3 d6 3. d4 a6 4. Bc4 Nf6 5. Qe2 Bg4 6. c3 e6 7. Bb3 Be7 8. Nbd2 d5 9. e5 Nd7 10. Bc2 Bh5 11. Nf1 Na5 12. Ng3 Bg6 13. Bxg6 fxg6 14. h4 0-0 15. Ng5 Bxg5 16. hxg5 Re8 17. Qg4 b6 18. b3 c5 19. Qh4 Nf8 20. Ne2 Rc8 21. Ba3 Qd7 22. Rd1 Qb5 23. Rh3 Nc6 24. Bb2 Ne7 25. Qf4 Qd7 26. g4 Nc6 27. Kf1 a5 28. Kg2 a4 29. Rdh1 axb3 30. axb3 Ra8 31. Nc1 Qe7 32. Nd3 Ra2 33. Bc1 Rd8 34. Be3 c4 35. bxc4 dxc4 36. Nc1 Ra3 37. Bd2 Qd7 38. Ne2 Ra2 39. Rf3 Na5 40. Ng3 Nb3 41. Be1 Ra7 42. Ne4 Qd5 43. Nd6 b5 44. Qh2 Nc1 45. Bd2 Nd3 46. Kg3 Rxd6 47. exd6 Qxd6+ 48. Kg2 Qd5 49. Kg3 Qd6+ 50. Kh3 Qxh2+ 51. Kxh2 Ra2 52. Be3 Ra3 53. Rb1 Ra5 54. Bf4 Nd7 55. Bd6 Ra6 56. Bc5 Ra5 57. Be7 h6 58. Kg3 hxg5 59. Bxg5 b4 60. Bd2 Ra2 61. Be1 b3 62. Re3 Kf7 63. Kf3 Nf6 64. Rxd3 cxd3 65. Ke3 Nxg4+ 66. Kxd3 Nxf2+ 67. Bxf2 Rxf2 68. Rxb3 g5 69. Ke4 Rc2 70. Ke5 Re2+ 71. Kd6 Rc2 72. Ke5 Re2+ 73. Kd6 Rc2 74. Ke5 Re2+ 1/2-1/2

[Event "Budapest-chT1 Lilienthal 1011"]
[Site "Budapest"]
[Date "2010.11.14"]
[Round "4"]
[White "Mincsovics, Miklos"]
[Black "Boguszlavszkij, Jevgenyij"]
[Result "0-1"]
[WhiteElo "2220"]
[BlackElo "2235"]
[PlyCount "64"]
[EventDate "2010.09.19"]
[EventType "team-tourn"]
[EventRounds "11"]
[EventCountry "HUN"]
[SourceTitle "EXT 2020"]
[Source "ChessBase"]
[SourceDate "2019.10.17"]
[SourceVersion "1"]
[SourceVersionDate "2019.10.17"]
[SourceQuality "1"]
[WhiteTeam "Hid Unio"]
[BlackTeam "Budapest Vasas II"]
[WhiteTeamCountry "HUN"]
[BlackTeamCountry "HUN"]

1. e4 d5 2. exd5 Nf6 3. c4 c6 4. d4 cxd5 5. Nc3 Nc6 6. Bg5 Be6 7. Nf3 Ne4 8. cxd5 Bxd5 9. Bh4 Qa5 10. Rc1 e6 11. Bd3 Nxc3 12. bxc3 Ba3 13. 0-0 Bxc1 14. Qxc1 Bxf3 15. gxf3 0-0 16. Qe3 Qh5 17. Bg3 Ne7 18. c4 Rad8 19. Rb1 Rd7 20. Rb5 Qh3 21. Bf1 Qh6 22. Qe4 Qg6 23. Bd3 Qxe4 24. Bxe4 f5 25. Bxb7 f4 26. Bh4 Nf5 27. Rxf5 Rxf5 28. Be4 Rff7 29. c5 Kf8 30. Bg5 Rxd4 31. c6 h6 32. Bd8 Rxd8 0-1

[Event "HUN-chT2 Breyer 0910"]
[Site "Hungary"]
[Date "2010.04.11"]
[Round "9"]
[White "Rummel, Zsolt"]
[Black "Mincsovics, Miklos"]
[Result "0-1"]
[WhiteElo "2166"]
[BlackElo "2220"]
[PlyCount "80"]
[EventDate "2009.11.08"]
[EventType "team-tourn"]
[EventRounds "11"]
[EventCountry "HUN"]
[SourceTitle "EXT 2011"]
[Source "ChessBase"]
[SourceDate "2010.11.26"]
[SourceVersion "1"]
[SourceVersionDate "2010.11.26"]
[SourceQuality "1"]
[WhiteTeam "Zsambek"]
[BlackTeam "Biatorbagy"]
[WhiteTeamCountry "HUN"]
[BlackTeamCountry "HUN"]

1. e4 c5 2. Nf3 d6 3. d4 cxd4 4. Nxd4 Nf6 5. Nc3 a6 6. Bc4 e5 7. Bb3 Nbd7 8. 0-0 Nc5 9. f4 Be7 10. f5 Nxb3 11. axb3 0-0 12. Bg5 Bd7 13. Kh1 Qc7 14. Qf3 Rae8 15. Rad1 Qc5 16. Be3 Qc7 17. Bg5 Qc5 18. Be3 Qc7 19. Rd3 b5 20. Bg5 b4 21. Nd1 a5 22. Ne2 Qxc2 23. Ng3 d5 24. Bxf6 Bxf6 25. Rxd5 Bc6 26. Ne3 Qxb3 27. Rd6 Bg5 28. Re1 Bb5 29. Qg4 Bxe3 30. Nh5 g6 31. Nf6+ Kg7 32. Qh3 h6 33. Rxe3 Rc8 34. Nh5+ Kh8 35. g4 Rc1+ 36. Kg2 Bf1+ 37. Kf3 Qxe3+ 38. Kxe3 Bxh3 39. fxg6 fxg6 40. Rxg6 Re1+ 0-1

[Event "HUN-chT2 Breyer 0607"]
[Site "Hungary"]
[Date "2007.05.20"]
[Round "11"]
[White "Mincsovics, Miklos"]
[Black "Pirisi, Gabor"]
[Result "1-0"]
[WhiteElo "2205"]
[BlackElo "2271"]
[PlyCount "53"]
[EventDate "2006.11.12"]
[EventType "team"]
[EventRounds "11"]
[EventCountry "HUN"]
[SourceTitle "EXT 2008"]
[Source "ChessBase"]
[SourceDate "2007.11.25"]
[SourceVersion "1"]
[SourceVersionDate "2007.11.25"]
[SourceQuality "1"]
[WhiteTeam "Szentendre"]
[BlackTeam "Honved II"]
[WhiteTeamCountry "HUN"]
[BlackTeamCountry "HUN"]

1. e4 c5 2. Nc3 Nc6 3. f4 e6 4. Nf3 d5 5. Bb5 Nge7 6. exd5 Nxd5 7. 0-0 a6 8. Bxc6+ bxc6 9. Ne5 Qc7 10. Ne4 Be7 11. c4 Nxf4 12. d4 Ng6 13. Nxg6 hxg6 14. Bf4 Qa7 15. Nd6+ Bxd6 16. Bxd6 cxd4 17. Qa4 Bd7 18. c5 Rh4 19. Rad1 f6 20. Rxd4 Rxd4 21. Qxd4 0-0-0 22. Rf3 e5 23. Qa4 Be8 24. Kf1 a5 25. Rb3 Kd7 26. Qg4+ f5 27. Qc4 1-0

[Event "HUN-chT2 Charousek 0506"]
[Site "Hungary"]
[Date "2006.04.23"]
[Round "11"]
[White "Mincsovics, Miklos"]
[Black "Erdelyi, Zombor"]
[Result "1/2-1/2"]
[WhiteElo "2203"]
[BlackElo "2296"]
[PlyCount "188"]
[EventDate "2005.10.16"]
[EventType "team"]
[EventRounds "11"]
[EventCountry "HUN"]
[SourceTitle "EXT 2009"]
[Source "ChessBase"]
[SourceDate "2008.11.26"]
[SourceVersion "1"]
[SourceVersionDate "2008.11.26"]
[SourceQuality "1"]
[WhiteTeam "Szentendre"]
[BlackTeam "Husi"]
[WhiteTeamCountry "HUN"]
[BlackTeamCountry "HUN"]

1. e4 c5 2. Nf3 e6 3. b3 Nf6 4. e5 Nd5 5. Bb2 Nc6 6. g3 Be7 7. Bg2 0-0 8. 0-0 d6 9. exd6 Bf6 10. Nc3 Qxd6 11. Ne4 Qe7 12. Nxf6+ Nxf6 13. Ne5 Nxe5 14. Bxe5 Rd8 15. c4 Nd7 16. Bc3 Rb8 17. Qe2 b6 18. Rad1 Bb7 19. Bxb7 Rxb7 20. d4 cxd4 21. Rxd4 Nf6 22. Rf4 Ne8 23. Qh5 Qc5 24. Qxc5 bxc5 25. Rf3 Rd6 26. Re3 Nc7 27. Rc1 f6 28. f4 Na6 29. Kf2 Kf7 30. Ke2 Rbd7 31. a3 Nb8 32. b4 Ra6 33. Ba1 cxb4 34. axb4 Ra2+ 35. Kf3 Rdd2 36. b5 Rf2+ 37. Ke4 Nd7 38. c5 Nxc5+ 39. Rxc5 Rxa1 40. Rc7+ Kg6 41. Rd3 Ra4+ 42. Rd4 Ra3 43. Rdd7 Re2+ 44. Kd4 Rd2+ 45. Kc4 Rxd7 46. Rxd7 f5 47. Rc7 Kf6 48. Kd4 Ra2 49. Ke3 Rxh2 50. Rxa7 Rb2 51. Rb7 Rb3+ 52. Kf2 h6 53. b6 g5 54. Rb8 Rb2+ 55. Ke3 Rb3+ 56. Kf2 Rb2+ 57. Ke3 Rb3+ 58. Kf2 gxf4 59. gxf4 Ke7 60. b7 Kd7 61. Rh8 Rxb7 62. Rxh6 Kd6 63. Rh1 Rb4 64. Rd1+ Kc5 65. Kf3 Rd4 66. Re1 Kd5 67. Re5+ Kd6 68. Re3 Rc4 69. Rd3+ Ke7 70. Re3 Kf6 71. Re1 Rc3+ 72. Kf2 Ke7 73. Re2 Kd6 74. Re1 Rd3 75. Re2 Ke7 76. Re1 Kf6 77. Re2 Kg6 78. Rxe6+ Kh5 79. Ra6 Kg4 80. Ra4 Rb3 81. Rc4 Rb2+ 82. Ke1 Kf3 83. Ra4 Rb3 84. Ra5 Rb1+ 85. Kd2 Kxf4 86. Ke2 Rb2+ 87. Kf1 Kg4 88. Ra4+ f4 89. Ra3 Rc2 90. Rb3 Rh2 91. Ra3 Rc2 92. Rb3 Ra2 93. Rc3 f3 94. Rc8 Kg3 1/2-1/2

[Event "HUN-chT2 Charousek 0506"]
[Site "Hungary"]
[Date "2006.04.09"]
[Round "10"]
[White "Mincsovics, Miklos"]
[Black "Csiszar, Csaba"]
[Result "1/2-1/2"]
[WhiteElo "2203"]
[BlackElo "2435"]
[PlyCount "87"]
[EventDate "2005.10.16"]
[EventType "team"]
[EventRounds "11"]
[EventCountry "HUN"]
[SourceTitle "EXT 2009"]
[Source "ChessBase"]
[SourceDate "2008.11.26"]
[SourceVersion "1"]
[SourceVersionDate "2008.11.26"]
[SourceQuality "1"]
[WhiteTeam "Szentendre"]
[BlackTeam "Csuti II"]
[WhiteTeamCountry "HUN"]
[BlackTeamCountry "HUN"]

1. e4 c5 2. Nc3 Nc6 3. f4 g6 4. Nf3 Bg7 5. Bc4 e6 6. d3 Nge7 7. e5 d6 8. 0-0 0-0 9. exd6 Qxd6 10. Ne4 Qc7 11. c3 Na5 12. Qe2 b6 13. Bb5 Bb7 14. Bd2 Nd5 15. Ne5 a6 16. Ba4 b5 17. Bc2 f6 18. Nf3 Rfe8 19. Rae1 h6 20. Nh4 f5 21. Nxg6 fxe4 22. dxe4 Ne7 23. Nh4 Rad8 24. Bc1 Rf8 25. Qg4 Bc8 26. Re3 Rf7 27. Rg3 Kf8 28. Qh5 Qb6 29. Be3 Nb7 30. b4 Qc6 31. bxc5 Na5 32. f5 exf5 33. exf5 Qf6 34. Bd4 Rxd4 35. cxd4 Qxd4+ 36. Kh1 Qxc5 37. Qd1 Qb6 38. Ng6+ Ke8 39. Nxe7 Kxe7 40. Re1+ Kf8 41. Rg6 Qc7 42. Qe2 Qd8 43. Rd1 Qc7 44. Re1 1/2-1/2